01162nam a22001937a 45000010005000000030006000050050017000110080041000280200018000690400029000870500008001160820009001241000016001332450106001492500025002552600054002803000050003345200584003846155FISKH20250320115719.0250320b cb ||||| |||| 00| 0 eng d a9781107659353 aFISKHbengcFISKHdFISKH aPZ7 a 500 aJones, Mary aCambridge checkpoint Science : bCoursebook 8 /cBy Mary Jones, Diane Fellowes-Freeman and David Sang aFirst published 2012 aCambridge : bCambridge University Press ;c2013. a188 pages : bcolor illustrations ;c28 cm .  aWritten by well-respected authors, the Cambridge Checkpoint Science suite provides a comprehensive, structured resource which covers the full Cambridge Secondary 1 framework and seamlessly progresses into the next stage. This engaging course supports teaching of the Science framework both theoretically and practically, with full coverage of the Scientific Enquiry framework integrated throughout the series. This Coursebook for Stage 8 gives a thorough introduction to the concepts, and offers a wealth of ideas for hands-on activities to make the subject matter come to life.